01477nam a2200397 i 450000100060000000300080000600500170001400600190003100700150005000800410006502000180010602000270012403500230015103500240017403500250019803500210022304000310024405000210027508200150029610000250031124500890033626400400042530000250046533600310049033700330052133800430055450000230059758801270062059001640074765000230091165000200093465500270095479700190098185600620100099900170106292472FlNmELB20241217172122.0m o d | cr cnu||||||||140114s2010 ag o 001 0 spa d z9789872596064 a9781449293239 (e-book) a(MiAaPQ)EBC3216055 a(Au-PeEL)EBL3216055 a(CaPaEBR)ebr10803800 a(OCoLC)992111219 aFINmELBbspaerdacFINmELB 4aK1005bG172 20100 a346.072231 aGallo, Hugo Alfredo.10aBases para la actividad judicial en las ciencias económicas /cHugo Alfredo Gallo. 1aLa Plata :bEdiciones Haber,c2010. a1 recurso en línea atextobtxt2rdacontent/spa acomputadorabc2rdamedia/spa arecurso en líneabcr2rdacarrier/spa aContiene índice. aDescripción basada en recurso en línea; Título de la página del título en PDF (e-libro, visto January 14, 2014). aRecurso electrónico. Santa Fe, Arg.: e-libro, 2015. Disponible vía World Wide Web. El acceso puede estar limitado para las bibliotecas afiliadas a e-libro. 4aDerecho comercial. 0aCommercial law. 4aLibros electrónicos.2 ae-libro, Corp.40uhttps://elibro.net/ereader/politecnicointernacional/77201 c92472d92472